Aostaraag (Record no. 3035)

MARC details
000 -LEADER
fixed length control field 00465cam a2200193ua 4500
001 - CONTROL NUMBER
control field 3191
005 - DATE AND TIME OF LATEST TRANSACTION
control field 20260515113639.0
008 - FIXED-LENGTH DATA ELEMENTS--GENERAL INFORMATION
fixed length control field 111012n ii |||gr||||Z||||||asm
040 ## - CATALOGING SOURCE
Transcribing agency MAIN
082 ## - DEWEY DECIMAL CLASSIFICATION NUMBER
Classification number 891.4513
100 1# - MAIN ENTRY--PERSONAL NAME
Personal name Borgohain, Homen,
245 11 - TITLE STATEMENT
Title Aostaraag
Statement of responsibility, etc. by Homen Borgohain
250 ## - EDITION STATEMENT
Edition statement 1st.
260 ## - PUBLICATION, DISTRIBUTION, ETC.
Place of publication, distribution, etc. Kolkatta:
Name of publisher, distributor, etc. Shree bhumi publishing company,986.
300 ## - PHYSICAL DESCRIPTION
Extent 123p:
Dimensions 23cm.
653 ## - INDEX TERM--UNCONTROLLED
Uncontrolled term Assamese novel
653 ## - INDEX TERM--UNCONTROLLED
Uncontrolled term Aostaraag
942 ## - ADDED ENTRY ELEMENTS (KOHA)
Koha item type Books
Holdings
Withdrawn status Lost status Damaged status Not for loan Home library Current library Shelving location Date acquired Total checkouts Full call number Barcode Date last seen Copy number Price effective from Koha item type
        Naharkatiya College Library Naharkatiya College Library General stacks 09/19/2020   891.4513 | BOR 10122 11/23/2020 1 09/19/2020 Books